000 00469nam a2200181Ia 4500
005 20250326125758.0
008 250326s9999 xx 000 0 und d
037 _aTextbook
040 _aFMSL
_beng
_cFMSL
041 _aeng
_2eng
084 _aX:74:f N6
_qFMSL
100 _aHEMMERS
_9739672
245 0 _aBusiness research
_cHemmers; Myers
260 _aNY
_bNY, M G H
_c1966
300 _a621p
942 _cTB
_hX:74:f N6
999 _c1279531
_d1279531